000 00483nam#a2200181#c#4500
003 IEF
005 20180219163918.0
008 950601s1976 uuu####fr####| 0||u| |u
040 _aIEF
100 1 _aBoisier, Sergio
_96365
245 _aDiseƱo de Planes Regionales
260 _aMadrid
_b Colegio Oficial de Ingenieros de Caminos, Canales y Puertos
_c1976
300 _a299 p.
_c 23 cm.
650 4 _aPOLITICA REGIONAL
_948032
942 _cLIB
942 _z63517
999 _c84858
_d84858